No hay software y otros ensayos sobre filosofía de la tecnología.

שמור ב:
מידע ביבליוגרפי
מחבר ראשי: Kittler, Friedrich A. (autor)
מחברים אחרים: Duque, Alejandro (editor académico), Burbano, Andrés (editor académico), González Rozo, Mauricio (traductor)
פורמט: ספר
שפה:אנגלית
יצא לאור: Bogotá, Colombia. Universidad de Caldas, 2017
מהדורה:Primera edición
סדרה:Colección Diseño Visual
נושאים:
תגים: הוספת תג
אין תגיות, היה/י הראשונ/ה לתייג את הרשומה!

MARC

LEADER 00000nam a22000007a 4500
003 CL-VaPUC
005 20211005152924.0
008 210729b2017 ||||| |||| 00| 0 eng d
999 |c 433402  |d 433400 
020 |a 978-958-759-160-6 
040 |c Pontificia Universidad Católica de Valparaíso 
082 0 4 |2 21  |a 302.23 KIT 2017 
100 1 |a Kittler, Friedrich A.  |e autor  |9 453357 
245 1 0 |a No hay software y otros ensayos sobre filosofía de la tecnología. 
250 |a Primera edición  
260 |a Bogotá, Colombia.  |b Universidad de Caldas,   |c 2017 
300 |a 136 páginas  
490 0 |a Colección Diseño Visual  
500 |a Donación Prof. Sr. Raúl Rodríguez F., Inst. Literatura Memo 6/2021 21/7/2021 
583 |c 20210729  |k Cristina Rojas 
650 1 |a Filosofía de la tecnología  |x Crítica e interpretación  |9 862455 
650 1 |a Medios de comunicación  |x Filosofía  |9 862456 
700 |a Duque, Alejandro  |e editor académico  |9 862343 
700 |a Burbano, Andrés  |e editor académico   |9 862344 
700 |a González Rozo, Mauricio  |e traductor  |9 862345 
942 |2 ddc  |c BK 
952 |0 0  |1 0  |2 ddc  |4 0  |6 302_230000000000000_KIT_2017  |7 0  |8 A  |9 578527  |a FDOPOS  |b BIBEDU  |d 2021-07-29  |i 5622964  |l 1  |o 302.23 KIT 2017  |p 5622964  |r 2025-01-22  |s 2024-12-03  |t 1  |w 2021-07-29  |y BK  |k DLH